000 00756nam a2200253Ia 4500
003 OSt
005 20220928110119.0
006 a|||||r|||| 00| 0
007 ta
008 220927b |||||||| |||| 00| 0 san d
020 _c700
024 _a110803
037 _b338, 29/12/2010, Eastern Book Linkers
_cTextual
040 _aSDCL
_cSDCL
_bsan
041 _2san
_asan
082 _aO15,1N45,1, P9
100 _aBhardwaj Sudhikant
_9418163
245 0 _aParsuramodyam mahakavyam.
260 _aDelhi
_bBhardwaj International Publishers
_c2009
300 _a432p.
_ccm.
650 _aSanskrit
_9391587
942 _hO15,1N45,1, P9
_cTEXL
_2CC
999 _c734179
_d734179